Quantifying the effects of temperature and photoperiod on phenological development to flowering in rice
Uloženo v:
| Hlavní autor: | |
|---|---|
| Médium: | Kniha |
| Jazyk: | Undetermined |
| Vydáno: |
Wageningen
Landbouwuniversiteit te Wageningen
1996
|
| Témata: | |
| Tagy: |
Přidat tag
Žádné tagy, Buďte první, kdo otaguje tento záznam!
|
| Thư viện lưu trữ: | Trung tâm Học liệu Trường Đại học Cần Thơ |
|---|
| LEADER | 00591nam a2200181Ia 4500 | ||
|---|---|---|---|
| 001 | CTU_44161 | ||
| 008 | 210402s9999 xx 000 0 und d | ||
| 082 | |a 633.188 | ||
| 082 | |b Y51/1996 | ||
| 100 | |a Xinyou Yin | ||
| 245 | 0 | |a Quantifying the effects of temperature and photoperiod on phenological development to flowering in rice | |
| 245 | 0 | |c Xinyou Yin | |
| 260 | |a Wageningen | ||
| 260 | |b Landbouwuniversiteit te Wageningen | ||
| 260 | |c 1996 | ||
| 650 | |a rice - physiology | ||
| 904 | |i Nguyễn Quang Điền, 010911 | ||
| 980 | |a Trung tâm Học liệu Trường Đại học Cần Thơ | ||